The monster of Florence /

New York Times bestselling author Douglas Preston teams up with Italian investigative journalist Mario Spezi to present a gripping account of crime and punishment in the lush hills surrounding Florence, Italy. The Monster of Florence is a remarkable and harrowing story involving murder, mutilation,...

Full description

Bibliographic Details
Main Author: Preston, Douglas J.
Other Authors: Spezi, Mario, 1946-
Format: Book
Language:English
Published: New York : Grand Central Pub., 2008.
Edition:1st ed.
Subjects:
Online Access:Contributor biographical information
Publisher description

MARC

Tag First Indicator Second Indicator Subfields
LEADER 00000pam a22000004a 4500
001 in00002394819
005 20151109064243.0
008 080110s2008 nyua 001 0deng
010 |a  2008000771 
019 |a 181603296 
020 |a 9780446581196 (regular edition) 
020 |a 0446581194 (regular edition) 
020 |a 9780446505345 (large print edition) 
020 |a 044650534X (large print edition) 
029 1 |a NZ1  |b 12125885 
035 |a (OCoLC)ocn190785789 
035 |a (OCoLC)190785789  |z (OCoLC)181603296 
040 |a DLC  |c DLC  |d YDX  |d YDXCP  |d BAKER  |d BTCTA  |d UPZ  |d NPL  |d ZS3  |d UtOrBLW 
043 |a e-it--- 
049 |a TXAM 
050 0 0 |a HV6535.I83  |b F5666 2008 
082 0 0 |a 363.152/3  |2 22 
100 1 |a Preston, Douglas J. 
245 1 4 |a The monster of Florence /  |c Douglas Preston, with Mario Spezi. 
250 |a 1st ed. 
264 1 |a New York :  |b Grand Central Pub.,  |c 2008. 
300 |a 322 pages :  |b illustrations ;  |c 24 cm. 
336 |a text  |b txt  |2 rdacontent 
337 |a unmediated  |b n  |2 rdamedia 
338 |a volume  |b nc  |2 rdacarrier 
500 |a Includes index. 
520 |a New York Times bestselling author Douglas Preston teams up with Italian investigative journalist Mario Spezi to present a gripping account of crime and punishment in the lush hills surrounding Florence, Italy. The Monster of Florence is a remarkable and harrowing story involving murder, mutilation, and suicide--and at the center of it, Preston and Spezi are caught in a bizarre prosecutorial vendetta.--From publisher description. 
650 0 |a Serial murders  |z Italy  |z Florence  |v Case studies. 
700 1 |a Spezi, Mario,  |d 1946- 
856 4 2 |3 Contributor biographical information  |u http://www.loc.gov/catdir/enhancements/fy0808/2008000771-b.html  |t 0 
856 4 2 |3 Publisher description  |u http://www.loc.gov/catdir/enhancements/fy0808/2008000771-d.html  |t 0 
938 |a YBP Library Services  |b YANK  |n 2753158 
938 |a Baker & Taylor  |b BKTY  |c 27.99  |d 20.99  |i 044650534X  |n 0007527403  |s active 
938 |a Baker & Taylor  |b BKTY  |c 25.99  |d 19.49  |i 0446581194  |n 0007527404  |s active 
938 |a Baker and Taylor  |b BTCP  |n BK0007527404 
948 |a cataloged  |b h  |c 2008/6/24  |d c  |e ceaton  |f 2:22:13 pm 
994 |a C0  |b TXA 
999 |a MARS 
999 f f |s 40ee51be-3246-315e-bf1c-07c96b749395  |i d131bc55-6b2e-3d9a-867d-d0c2dafb7d1a  |t 0 
952 f f |p normal  |a Texas A&M University  |b College Station  |c Sterling C. Evans Library  |d Evans: Library Stacks  |t 0  |e HV6535.I83 F5666 2008  |h Library of Congress classification  |i unmediated -- volume  |m A14837249991 
998 f f |a HV6535.I83 F5666 2008  |t 0  |l Evans: Library Stacks